Budapest vasútállomásai és megállóhelyei - Statistics

General Stats
  • This quiz has been taken 47 times
  • The average score is 23 of 44
Answer Stats
Answer % Correct
Rákos
90%
Kőbánya-Kispest
86%
Budafok
79%
Zugló
79%
Ferihegy
76%
Rákosrendező
76%
Újpest
76%
Budatétény
72%
Ferencváros
72%
Kőbánya Alsó
72%
Aquincum
69%
Budapest-Déli
69%
Budapest-Keleti
66%
Budapest-Nyugati
66%
Kőbánya Felső
66%
Albertfalva
62%
Budapest-Kelenföld
62%
Óbuda
59%
Rákoscsaba
59%
Angyalföld
55%
Barosstelep
48%
Háros
48%
Kispest
48%
Pestszentimre
48%
Rákoshegy
48%
Rákospalota-Újpest
48%
Kastélypark
45%
Pestszentlőrinc
45%
Rákoskert
45%
Soroksár
45%
Szemeretelep
41%
Újpalota
41%
Üröm
38%
Nagytétény-Diósd
34%
Pesterzsébet
34%
Rákosliget
34%
Rákoscsaba-Újtelep
31%
Tétényliget
31%
Akadémiaújtelep
28%
Aranyvölgy
28%
Istvántelek
28%
Pestszentimre Felső
21%
Soroksári út
17%
Rákospalota-Kertváros
14%
No matching quizzes found
Score Distribution
Percent of People with Each Score
Percentile by Number Answered
Your Score History
You have not taken this quiz